书目信息 |
| 题名: |
焊接设备
|
|
| 作者: | 安装教材编写组 编 | |
| 分册: | ||
| 出版信息: | 北京 中国建筑工业出版社 1983.7 |
|
| 页数: | 269页 | |
| 开本: | 26cm | |
| 丛书名: | ||
| 单 册: | ||
| 中图分类: | TG431 | |
| 科图分类: | ||
| 主题词: | 焊接设备 | |
| 电子资源: | ||
| ISBN: | ||
| 000 | 00544nam0 2200193 45 | |
| 001 | 0312221749 | |
| 005 | 20031222170911.3 | |
| 010 | @dCNY1.40 | |
| 100 | @a20031222d1983 km y0chiy0120 ea | |
| 101 | @achi | |
| 105 | @a z 000yy | |
| 200 | 1 | @a焊接设备@AHan Jie She Bei@f安装教材编写组编@FAn Zhuang Jiao Cai Bian Xie Zu Bian |
| 210 | @a北京@c中国建筑工业出版社@d1983.7 | |
| 215 | @a269页@d26cm | |
| 606 | 0 | @a焊接设备 |
| 690 | @aTG431@v3 | |
| 701 | 0 | @a安装教材编写组@4编 |
| 801 | @aCN@bTSTCL@c20031222 | |
| 905 | @a213230@dTG431@e3@b105047@f1 | |
| 焊接设备/安装教材编写组编.-北京:中国建筑工业出版社,1983.7 |
| 269页;26cm |
| ISBN :CNY1.40 |
| ● |
| 相关链接 |
|
|
|
|
正题名:焊接设备
索取号:TG431/3
 
预约/预借
| 序号 | 登录号 | 条形码 | 馆藏地/架位号 | 状态 | 备注 |
| 1 | 0105047 | 001362652 | 第二样本阅览室/ [索取号:TG431/3] | 在馆 |